00395nam a2200109Ia 4500008004100000082000800041100001900049245010100068942000600169952009500175999001500270240331s9999 xx 000 0 und d bBUL aBulankulame, I 0aFrozen tears :bpolitical violence, women, children and problems of trauma in southern Sri Lanka cL 001040708LaWERCLbWERCLcSSCd2024-03-31l0o 362 BULp1929r2024-03-31w2024-03-31yL c2670d2670